Lataa...

Handbook of classical drama /

Bibliografiset tiedot
Päätekijä: Harsh, Philip Whaley
Kieli:Undetermined
Julkaistu: 1944.
LEADER 00383nam a2200121Ia 4500
001 47399
008 170722s9999 xx 000 0 und d
100 |a Harsh, Philip Whaley 
245 |a Handbook of classical drama / 
260 |c 1944. 
942 |c GEN 
999 |c 49226  |d 49226 
952 |0 0  |1 0  |4 0  |6 O_132DG_H4  |7 0  |9 69600  |a LIB  |b LIB  |d 2017-08-12  |l 3  |o O13,2D:g H4  |p 61327  |r 2019-03-16  |s 2019-02-23  |w 2017-08-12  |y GEN